000 00777cab a2200253 4500
001 ABS44911
008 090401t1991 xxu||||| |||| 00| 0 eng d
035 _a(Sirsi) u49846
041 _aeng
100 _aHughes, H
245 _arbitrators` and experts` determinations
260 _c1991
350 _a0
490 _aEstates Gazette
_v(9130) 3 August 1991, 50-52 (2)
520 _aCriticises the workings of third party surveyors involved in setting rents at review.
650 _aARBITRATORS
650 _aFEES
650 _aINDEPENDENT EXPERTS
650 _aREASONED AWARDS
650 _aRENT REVIEWS
690 _aMANAGEMENT-DISPUTE AVOIDANCE, MANAGEMENT AND RESOLUTION-DISPUTE MANAGEMENT AND RESOLUTION-ARBITRATION
942 _n0
948 _c04/03/1997
999 _c31213
_d31213